Statistics for Bug Type Pokemon

Click here to take the quiz!

General Stats

  • This quiz has been taken 1,535 times
    (781 since last reset)
  • The average score is 61 of 82

Answer Stats

RegionPokemon% Correct
Beedrill
99%
Butterfree
99%
KantoCaterpie
99%
Metapod
99%
Kakuna
98%
Weedle
98%
Pinsir
92%
Scyther
92%
Silcoon
92%
Cascoon
91%
HoennWurmple
91%
Beautifly
90%
Dustox
89%
Scizor
88%
Venomoth
88%
Venonat
88%
Ariados
86%
Heracross
86%
Spinarak
86%
Paras
85%
Parasect
85%
Ledian
84%
JohtoLedyba
84%
Burmy
79%
Leavanny
79%
Mothim
78%
Wormadam
78%
Genesect
77%
KalosScatterbug
77%
UnovaSewaddle
77%
Surskit
77%
Vikavolt
77%
Charjabug
76%
SinnohKricketot
76%
Kricketune
76%
Spewpa
76%
Swadloon
76%
Combee
75%
Masquerain
75%
Nincada
75%
Ninjask
75%
Scolipede
75%
Shedinja
75%
Venipede
75%
Vespiquen
75%
Vivillon
75%
Volcarona
74%
Whirlipede
74%
Larvesta
73%
AlolaGrubbin
72%
Pineco
72%
Forretress
71%
Yanma
71%
Galvantula
69%
Joltik
69%
Orbeetle
68%
Yanmega
68%
Illumise
67%
Volbeat
67%
GalarBlipbug
66%
Karrablast
66%
Accelgor
65%
Escavalier
65%
Shelmet
65%
Dottler
64%
Shuckle
63%
Durant
62%
Araquanid
61%
Crustle
60%
Dewpider
60%
Dwebble
60%
Golisopod
58%
Wimpod
58%
Skorupi
57%
Ribombee
56%
Centiskorch
55%
Cutiefly
55%
Anorith
54%
Armaldo
54%
Sizzlipede
54%
Frosmoth
52%
Snom
52%

Score Distribution

Percentile by Number Answered

Percent of People with Each Score

Your Score History

You have not taken this quiz since the last reset